000 00250nam a2200109Ia 4500
008 190216s9999||||xx |||||||||||||| ||und||
100 _aTikekar
245 0 _aOn Historiography
260 _bPopular Prakashan
650 _aHistory
942 _cBK
999 _c19383
_d19383